00303nam a2200097Ia 4500008004100000082002000041100002000061245005000081260006600131300000800197210430s9999 xx 000 0 und d a621.3848 A498 R aA Alan Moghissi aRadioactive Waste TechnologycA Alan Moghissi aNew York bThe American Society of Mechanical Engineersc1986 a705